000 00699nam a2200181Ia 4500
003 GCL
008 140319s9999 xx 000 0 ara d
040 _aGCL /
_cGCL
082 0 4 _a155.423
_bل ح
100 1 _aليلى احمد كرم الدين
245 1 0 _a"الحصيلة اللغوية المنطوقة لطفل ماقبل المدرسة ""من عمر عام حتى سته اعوام""" /
_cليلى احمد كرم الدين
300 _a281 ص
490 _aسلسلة الدراسات العلمية الموسمية المتخصصة
_v0
650 0 4 _aعلم النفس التربوى
650 0 4 _aالاطفال - رعاية
650 0 4 _aالاطفال - لغة
942 _2ddc
_cBK
999 _c43668
_d43668